[Event "East Lansing (MI Am/2)"]
[Site "?"]
[Date "1992.??.??"]
[Round "?"]
[White "Ghani, M."]
[Black "Solski, Jeff"]
[Result "0-1"]
[WhiteElo "1605"]
[BlackElo "1605"]
[PlyCount "82"]
[EventDate "1992.??.??"]

1. e4 d6 2. Nf3 Nf6 3. Nc3 g6 4. Bc4 Bg4 5. h3 Bxf3 6. Qxf3 Bg7 7. d3 Nc6 8.
Bb5 Qd7 9. Bg5 a6 10. Bxc6 Qxc6 11. O-O Nd7 12. Nd5 Ne5 13. Qe2 f6 14. Be3 e6
15. Nf4 Qd7 16. d4 Nf7 17. Qc4 Nd8 18. d5 e5 19. Nd3 b5 20. Qb3 O-O 21. f4 Nb7
22. a3 Na5 23. Qa2 Nc4 24. Bc1 f5 25. fxe5 Nxe5 26. Nxe5 Bxe5 27. Bh6 Rf7 28.
Rae1 Qe7 29. c3 f4 30. g3 f3 31. Kh2 Bxg3+ 32. Kxg3 Qe5+ 33. Kf2 Qh2+ 34. Ke3
f2 35. Rd1 Qxh3+ 36. Kd4 Qxh6 37. Rd3 Re8 38. Re3 Rxe4+ 39. Kxe4 Re7+ 40. Kf3
Rxe3+ 41. Kxf2 Qf4+ 0-1

[Event "East Lansing (MI Am/5)"]
[Site "?"]
[Date "1992.??.??"]
[Round "?"]
[White "Ghani, M."]
[Black "Phalen, Michael"]
[Result "1-0"]
[WhiteElo "1605"]
[BlackElo "1605"]
[PlyCount "67"]
[EventDate "1992.??.??"]

1. e4 e5 2. Nf3 Nc6 3. Bc4 Bc5 4. d3 Nf6 5. Ng5 O-O 6. c3 h6 7. Nf3 d6 8. b4
Bb6 9. O-O Bg4 10. h3 Bh5 11. Nbd2 Ne7 12. a4 a6 13. Qb3 Ng6 14. d4 exd4 15.
Nxd4 Nf4 16. Re1 Qd7 17. Re3 Rae8 18. Rg3 Bxd4 19. cxd4 Ne2+ 20. Bxe2 Bxe2 21.
f3 Nh5 22. Rg4 b5 23. Qe3 Nf6 24. Rg3 g5 25. Qxe2 h5 26. Rxg5+ Kh7 27. e5 Kh6
28. Ne4 Nxe4 29. Qxe4 f5 30. Qh4 Qf7 31. Rxh5+ Kg7 32. Rh7+ Kg8 33. Rh8+ Kg7
34. Qh6# 1-0

[Event "Lansing (Apr)"]
[Site "?"]
[Date "1992.??.??"]
[Round "?"]
[White "Gatchalian, F."]
[Black "Mikus, Jim"]
[Result "1-0"]
[WhiteElo "1815"]
[BlackElo "1780"]
[PlyCount "66"]
[EventDate "1992.??.??"]

1. e4 c6 2. d4 d5 3. Nc3 dxe4 4. Nxe4 Nd7 5. Bc4 Ngf6 6. Ng5 Nd5 7. Qh5 g6 8.
Qf3 N7f6 9. h3 Bg7 10. c3 O-O 11. Ne2 e6 12. Bd2 Bd7 13. O-O-O b5 14. Bb3 Rc8
15. g4 Re8 16. Ng3 c5 17. dxc5 Rxc5 18. N5e4 Rc8 19. g5 Nxe4 20. Nxe4 Bc6 21.
Bf4 Qe7 22. Nd6 Nxf4 23. Qxf4 Bxh1 24. Nxc8 Rxc8 25. Rxh1 Bxc3 26. bxc3 Rxc3+
27. Kb2 Qc5 28. Qd2 Rf3 29. Rf1 Qb6 30. h4 Rf5 31. Bc2 Rd5 32. Qe2 Qc7 33. Rc1
Qd7 1-0

[Event "Lansing (Apr)"]
[Site "?"]
[Date "1992.??.??"]
[Round "?"]
[White "Gatchalian, F."]
[Black "Ford, William"]
[Result "1/2-1/2"]
[WhiteElo "1815"]
[BlackElo "1955"]
[PlyCount "68"]
[EventDate "1992.??.??"]

1. e4 e6 2. d4 d5 3. Nd2 c5 4. Ngf3 a6 5. c3 Nc6 6. exd5 Qxd5 7. Nb3 c4 8. Nbd2
b5 9. a4 Bb7 10. b3 cxb3 11. axb5 axb5 12. Rxa8+ Bxa8 13. Qxb3 Qxb3 14. Nxb3
Na7 15. Ne5 Bd5 16. Na1 Nf6 17. f3 Be7 18. Nc2 O-O 19. Bd3 Rc8 20. Bd2 Bd6 21.
O-O Bxe5 22. dxe5 Nd7 23. f4 Nc5 24. Nb4 Be4 25. Bxe4 Nxe4 26. Be3 Nc6 27. Rc1
Nxb4 28. cxb4 Rxc1+ 29. Bxc1 Nc3 30. Kf2 Nd5 31. Bd2 Kf8 32. Ke2 Ke7 33. Kd3
Kd7 34. Kd4 Kc6 1/2-1/2

[Event "East Lansing (MI Am/2)"]
[Site "?"]
[Date "1992.??.??"]
[Round "?"]
[White "Garrison, Ray"]
[Black "Williams, BM."]
[Result "1-0"]
[WhiteElo "1935"]
[BlackElo "1620"]
[PlyCount "47"]
[EventDate "1992.??.??"]

1. Nf3 Nf6 2. d4 g6 3. Bf4 Bg7 4. e3 d5 5. Nbd2 Nh5 6. Be5 f6 7. Bg3 Nxg3 8.
hxg3 Bg4 9. Bd3 e5 10. Rxh7 e4 11. Rxg7 Rh1+ 12. Bf1 exf3 13. Rg8+ Ke7 14. Rxd8
fxg2 15. Qxg4 Kxd8 16. Ke2 g1=Q 17. Nf3 Qg2 18. Bxg2 Rxa1 19. Qxg6 Rxa2 20.
Qxf6+ Ke8 21. Qe6+ Kf8 22. Ne5 Kg7 23. Qf7+ Kh6 24. Qg6# 1-0

[Event "East Lansing (MI Am/5)"]
[Site "?"]
[Date "1992.??.??"]
[Round "?"]
[White "Garrison, Ray"]
[Black "Solski, Jeff"]
[Result "1-0"]
[WhiteElo "1935"]
[BlackElo "1605"]
[PlyCount "93"]
[EventDate "1992.??.??"]

1. e4 d6 2. d4 Nf6 3. Nc3 g6 4. Nf3 Bg7 5. Be2 Nc6 6. O-O O-O 7. Re1 e5 8. dxe5
Nxe5 9. Nxe5 dxe5 10. Bg5 c6 11. Qc1 Re8 12. Qe3 Qc7 13. Rad1 b5 14. Qc5 Bf8
15. Nxb5 Qa5 16. Qxc6 Bd7 17. Qxf6 Bxb5 18. Bd2 Bb4 19. Bxb4 Qxb4 20. Bxb5 Qxb5
21. b3 Qa5 22. a4 Qc3 23. Re2 Rad8 24. Rde1 Rd2 25. Qf3 Qxc2 26. Rxd2 Qxd2 27.
Rd1 Qb4 28. h3 Rb8 29. Rd7 Qxb3 30. Qxb3 Rxb3 31. Rxa7 Ra3 32. Ra8+ Kg7 33. a5
h5 34. a6 Kh6 35. h4 f5 36. a7 fxe4 37. Rh8+ Kg7 38. a8=Q Rxa8 39. Rxa8 Kf6 40.
Kh2 Kf5 41. Kg3 e3 42. fxe3 Ke4 43. Ra6 Kxe3 44. Rxg6 e4 45. Rg5 Ke2 46. Rxh5
Kf1 47. Re5 1-0

[Event "Detroit (MI Op/3/44)"]
[Site "?"]
[Date "1992.??.??"]
[Round "?"]
[White "Garrison, Ray"]
[Black "LeBlanc, R."]
[Result "0-1"]
[WhiteElo "1895"]
[BlackElo "1815"]
[PlyCount "57"]
[EventDate "1992.??.??"]

{3/(44)} 1. Nf3 Nf6 2. d4 d5 3. Bf4 Bf5 4. e3 e6 5. c4 Bb4+ 6. Nc3 O-O 7. Ne5
Nbd7 8. Qb3 Bxc3+ 9. bxc3 Rb8 10. h3 h6 11. g4 Bh7 12. c5 Nxe5 13. Bxe5 b6 14.
c6 a5 15. f3 Ne8 16. Qb2 Nd6 17. Qh2 b5 18. Rg1 Rb6 19. g5 h5 20. g6 Bxg6 21.
Bd3 Ne8 22. Bxg6 fxg6 23. Rxg6 Rxc6 24. Kd2 Rf7 25. Rag1 Qe7 26. Qg3 b4 27. Qg5
bxc3+ 28. Kc2 Qa3 29. Rb1 0-1

[Event "Lansing (Aug)"]
[Site "?"]
[Date "1992.??.??"]
[Round "?"]
[White "Garrison, Ray"]
[Black "June, Brian"]
[Result "1-0"]
[WhiteElo "1895"]
[BlackElo "1820"]
[PlyCount "111"]
[EventDate "1992.??.??"]

1. Nf3 c5 2. e4 Nc6 3. Bb5 a6 4. Bxc6 bxc6 5. d4 cxd4 6. Nxd4 g6 7. c3 Bg7 8.
Be3 Nf6 9. Qb3 Qc7 10. Nd2 Rb8 11. Qd1 Rxb2 12. N2b3 Nxe4 13. Qc1 Nxf2 14. Bxf2
Qe5+ 15. Kf1 Rxf2+ 16. Kxf2 c5 17. Nf3 Qf5 18. Re1 Bb7 19. Qe3 O-O 20. Nxc5 Bc6
21. Rac1 Rb8 22. Nb3 e5 23. Kg1 Re8 24. Nfd4 Qg4 25. Nxc6 dxc6 26. Qe4 Qxe4 27.
Rxe4 f5 28. Ra4 Bh6 29. Re1 e4 30. Rxa6 f4 31. Rxc6 e3 32. Nc5 Bg7 33. Nd7 g5
34. Nf6+ Bxf6 35. Rxf6 Rd8 36. Rf5 h6 37. a4 Rd2 38. Kf1 Rc2 39. h4 Rxc3 40.
hxg5 hxg5 41. Rxg5+ Kh7 42. Rf5 Rc4 43. Ra1 Kg6 44. Rb5 Rc2 45. a5 Rf2+ 46. Kg1
Rd2 47. Rbb1 Kf5 48. a6 Kg4 49. a7 f3 50. gxf3+ Kg3 51. a8=Q Rg2+ 52. Kf1 Rf2+
53. Ke1 e2 54. Qg8+ Kh2 55. Kxf2 e1=Q+ 56. Rxe1 1-0

[Event "Detroit (MI Op/5/44)"]
[Site "?"]
[Date "1992.??.??"]
[Round "?"]
[White "Garrison, Ray"]
[Black "Householder, James"]
[Result "0-1"]
[WhiteElo "1895"]
[BlackElo "1605"]
[PlyCount "68"]
[EventDate "1992.??.??"]

{5/(44)} 1. e4 c6 2. Nc3 d5 3. Nf3 dxe4 4. Nxe4 Nd7 5. Bc4 e6 6. Qe2 Ngf6 7.
Neg5 Nb6 8. Bb3 h6 9. Ne4 Nxe4 10. Qxe4 Nd5 11. c4 Nf6 12. Qe2 Be7 13. d4 O-O
14. O-O b6 15. Bc2 Bb7 16. Rd1 Qc7 17. Ne5 Bd6 18. Rd3 c5 19. Bxh6 cxd4 20. Ng4
Nxg4 21. Qxg4 f5 22. Qg6 Rf6 23. Qxf6 gxf6 24. c5 bxc5 25. Bb3 Bd5 26. Bxd5
exd5 27. h4 Kf7 28. g3 f4 29. b4 cxb4 30. Rxd4 fxg3 31. Rc1 gxf2+ 32. Kf1 Qd7
33. Kxf2 Qf5+ 34. Kg2 Rg8+ 0-1

[Event "Flint (Class DE/1)"]
[Site "?"]
[Date "1992.??.??"]
[Round "?"]
[White "Garfield, G."]
[Black "Purkey, L."]
[Result "0-1"]
[WhiteElo "1605"]
[BlackElo "1605"]
[PlyCount "82"]
[EventDate "1992.??.??"]

1. e4 d6 2. Nc3 Nf6 3. Bc4 g6 4. Nf3 Bg7 5. e5 dxe5 6. Nxe5 e6 7. d3 O-O 8. Bg5
h6 9. Bh4 Nbd7 10. Nxd7 Bxd7 11. Qf3 Bc6 12. Ne4 Bxe4 13. dxe4 Qd4 14. Bd3 Qxb2
15. O-O Qd4 16. Rab1 b6 17. Rb5 c6 18. Rb3 Nd7 19. c3 Qd6 20. Bg3 Ne5 21. Qe2
Qxd3 22. Qxd3 Nxd3 23. Rd1 Nc5 24. Rb4 Bxc3 25. Rc4 Bg7 26. h3 Rfd8 27. Re1 Rd4
28. Rc3 Nxe4 29. Rxc6 Nxg3 30. fxg3 Rd2 31. Rf1 Rxa2 32. Rc7 Bd4+ 33. Kh2 Rf2
34. Rd1 e5 35. h4 a5 36. Kh3 a4 37. Rdc1 a3 38. Rb7 a2 39. Rcc7 a1=Q 40. g4
Qh1+ 41. Kg3 Qxg2# 0-1

[Event "Flint (Class DE/4)"]
[Site "?"]
[Date "1992.??.??"]
[Round "?"]
[White "Garfield, G."]
[Black "Berlinger, Brian"]
[Result "1-0"]
[WhiteElo "1605"]
[BlackElo "1605"]
[PlyCount "33"]
[EventDate "1992.??.??"]

1. e4 e5 2. Nf3 Nc6 3. Bc4 Nf6 4. d3 d5 5. exd5 Nxd5 6. Ng5 Bb4+ 7. c3 Bc5 8.
Qf3 O-O 9. Bxd5 e4 10. Qxe4 Re8 11. Bxf7+ Kh8 12. Bxe8 g6 13. Nf7+ Kg8 14. Nxd8
Bf5 15. Qd5+ Kg7 16. Qf7+ Kh8 17. Bh6 1-0

[Event "Detroit (Pan Am/6)"]
[Site "?"]
[Date "1992.??.??"]
[Round "?"]
[White "Gaiefsky, S."]
[Black "Wright, Ken"]
[Result "0-1"]
[WhiteElo "1605"]
[BlackElo "1605"]
[PlyCount "78"]
[EventDate "1992.??.??"]

1. d4 d5 2. c4 Nf6 3. c5 Nc6 4. Nc3 e5 5. e3 exd4 6. exd4 Be7 7. g3 O-O 8. Bg2
Bg4 9. Nge2 Qd7 10. O-O Rae8 11. f3 Bh3 12. Nf4 Bxg2 13. Kxg2 a6 14. a3 Qf5 15.
g4 Qd7 16. g5 Kh8 17. gxf6 gxf6 18. Ncxd5 Rg8+ 19. Kh1 Bd8 20. b4 Qf5 21. Bb2
Rg5 22. Qd3 Qxd3 23. Nxd3 Rxd5 24. Nf4 Rf5 25. Ng2 Re2 26. Rab1 Rg5 27. Nf4 Re8
28. Bc3 Rf5 29. Ng2 Nb8 30. Rbe1 Rg8 31. Rf2 Nd7 32. Nh4 Rh5 33. Ng2 c6 34. Nf4
Rf5 35. Ng2 Kg7 36. Rg1 Kf8 37. Bd2 Bc7 38. Re2 Rh5 39. a4 Rxh2# 0-1

[Event "Detroit (Pan Am/5)"]
[Site "?"]
[Date "1992.??.??"]
[Round "?"]
[White "Gaiefsky, S."]
[Black "Tracz, J."]
[Result "0-1"]
[WhiteElo "1605"]
[BlackElo "1690"]
[PlyCount "36"]
[EventDate "1992.??.??"]

1. d4 Nf6 2. c4 g6 3. Nc3 d5 4. c5 Bg7 5. Nf3 O-O 6. g3 Nc6 7. Bg2 Bf5 8. O-O
Ne4 9. Ng5 Bxd4 10. Ngxe4 dxe4 11. Nxe4 Qd7 12. e3 Bg7 13. Nc3 Qe6 14. Qe1 Bd3
15. Ne2 Qc4 16. Bf3 Ne5 17. Kg2 Nxf3 18. Kxf3 Qe4# 0-1

[Event "Lansing (Apr)"]
[Site "?"]
[Date "1992.??.??"]
[Round "?"]
[White "Gaiefsky, S."]
[Black "Payne, B."]
[Result "0-1"]
[WhiteElo "1605"]
[BlackElo "1605"]
[PlyCount "126"]
[EventDate "1992.??.??"]

1. e4 c5 2. Nf3 d6 3. d4 cxd4 4. Nxd4 a6 5. Nc3 Nf6 6. Bg5 e6 7. Qf3 Be7 8.
O-O-O O-O 9. e5 Nd5 10. Bxe7 Qxe7 11. Nxd5 exd5 12. exd6 Qxd6 13. Bd3 Nd7 14.
Nf5 Qb6 15. Qg3 Qf6 16. Rhe1 Nc5 17. Ne7+ Kh8 18. Nxd5 Qh6+ 19. Kb1 Be6 20. Qd6
Rac8 21. Bc4 Rfd8 22. Qe5 Nd7 23. Qd6 Rxc4 24. Qe7 Rcc8 25. Nc7 Qg6 26. Ka1 Qf6
27. Nd5 Qxe7 28. Nxe7 Rxc2 29. f4 Bg4 30. Rd4 Re8 31. Ng6+ hxg6 32. Rxe8+ Kh7
33. Re1 Rxg2 34. a3 Rxh2 35. Rg1 Be6 36. Rdd1 Nc5 37. Rh1 Rxh1 38. Rxh1+ Kg8
39. Kb1 Bf5+ 40. Kc1 Nd3+ 41. Kd2 Nxf4 42. Ke3 Nd3 43. b4 Nb2 44. Rh4 g5 45.
Rh5 f6 46. Kf3 g6 47. Rh2 g4+ 48. Kf4 Nd3+ 49. Kg3 g5 50. Rd2 Kg7 51. Rxd3 Bxd3
52. Kxg4 Kg6 53. a4 f5+ 54. Kg3 f4+ 55. Kf2 g4 56. a5 g3+ 57. Kf3 Be4+ 58. Ke2
Kg5 59. Kf1 Kg4 60. b5 axb5 61. a6 bxa6 62. Kg1 b4 63. Kf1 b3 0-1

[Event "Detroit (MOR/6/101)"]
[Site "?"]
[Date "1992.??.??"]
[Round "?"]
[White "Gaiefsky, S."]
[Black "Mitchell, C."]
[Result "1-0"]
[WhiteElo "1605"]
[BlackElo "1605"]
[PlyCount "47"]
[EventDate "1992.??.??"]

{6/(101)} 1. d4 d5 2. c4 e6 3. Nc3 Nf6 4. Bg5 Bb4 5. Qa4+ Nc6 6. e3 Bxc3+ 7.
bxc3 Bd7 8. Qa3 a6 9. Bxf6 Qxf6 10. Nf3 e5 11. cxd5 e4 12. Nd2 Ne7 13. Nxe4 Qg6
14. f3 Nxd5 15. c4 Nf6 16. Nc5 b6 17. Nxa6 O-O-O 18. c5 Bb5 19. Bxb5 Qxg2 20.
O-O-O Qxf3 21. Rhf1 Qh3 22. cxb6 cxb6 23. Qc3+ Kb7 24. Qc6+ 1-0

[Event "Lansing (Aug)"]
[Site "?"]
[Date "1992.??.??"]
[Round "?"]
[White "Gaiefsky, S."]
[Black "McNutt, K."]
[Result "0-1"]
[WhiteElo "1605"]
[BlackElo "1605"]
[PlyCount "122"]
[EventDate "1992.??.??"]

1. d4 d5 2. c4 c6 3. c5 Nf6 4. Nf3 Nbd7 5. Nc3 b6 6. b4 a5 7. bxa5 bxc5 8. dxc5
Qxa5 9. Bd2 Qxc5 10. Rc1 Qd6 11. e3 e5 12. Be2 Qc7 13. O-O Bd6 14. Nh4 e4 15.
Nf5 Bxh2+ 16. Kh1 O-O 17. g3 Ne5 18. Kxh2 Bxf5 19. Na4 Bc8 20. Kg2 Qd7 21. Rh1
c5 22. Nxc5 Qf5 23. Nb3 Neg4 24. Qf1 Rxa2 25. Nd4 Qd7 26. Bb5 Qa7 27. Nc6 Qa8
28. Ne7+ Kh8 29. Qd1 Qb7 30. Nxc8 Rxc8 31. Be2 Qd7 32. Rxc8+ Qxc8 33. Be1 Ra7
34. Bb4 Qf5 35. Be1 Re7 36. Qb3 Rc7 37. Qb8+ Qc8 38. Qb3 Qd8 39. Ba5 Qd7 40.
Bxc7 Qxc7 41. Bxg4 Nxg4 42. Qxd5 h6 43. Qxe4 Nf6 44. Qd4 Qc6+ 45. f3 Qc2+ 46.
Kh3 Qf2 47. Qd8+ Kh7 48. Qd3+ Kh8 49. Rb1 g6 50. Rb8+ Kg7 51. e4 Qg1 52. Qe2
Nh5 53. Qb2+ Nf6 54. Rc8 Qh1+ 55. Qh2 Qxf3 56. Rc4 Qf1+ 57. Qg2 Qxc4 58. Kh2
Nxe4 59. Qb2+ Qc3 60. Qb7 Qxg3+ 61. Kh1 Nf2# 0-1

[Event "Detroit (Pan Am/3)"]
[Site "?"]
[Date "1992.??.??"]
[Round "?"]
[White "Gaiefsky, S."]
[Black "McCarter, Robert"]
[Result "0-1"]
[WhiteElo "1605"]
[BlackElo "1700"]
[PlyCount "96"]
[EventDate "1992.??.??"]

1. d4 Nf6 2. c4 e6 3. Nc3 Be7 4. Bf4 b6 5. Nb5 d6 6. Qc2 Bb7 7. f3 Nbd7 8. e4
a6 9. Nc3 e5 10. dxe5 dxe5 11. Be3 O-O 12. O-O-O Qb8 13. Nh3 c6 14. g4 Rd8 15.
Be2 Qc7 16. Nf2 Bc5 17. Bxc5 Nxc5 18. g5 Nh5 19. Nh3 Ne6 20. Kb1 Nhf4 21. Nf2
Nxg5 22. Rhg1 Nge6 23. Ng4 Nd4 24. Rxd4 Rxd4 25. Rd1 Qd6 26. Rg1 Rd2 27. Rd1
Rd8 28. Rxd2 Qxd2 29. Bd1 Qxc2+ 30. Bxc2 f6 31. Ne3 Rd2 32. Nf1 Rf2 33. Ng3
Rxf3 34. Nf5 Rf1+ 35. Nd1 c5 36. Ng3 Rg1 37. Kc1 Rg2 38. Ne3 Rxh2 39. Nef1 Rg2
40. Kd1 h5 41. Nf5 g6 42. N5e3 Rg1 43. Kd2 h4 44. Nh2 Rg5 45. Nf3 Rh5 46. Ke1
h3 47. Nh2 Ng2+ 48. Kf1 Nxe3+ 0-1

[Event "Detroit (MOR/4/107)"]
[Site "?"]
[Date "1992.??.??"]
[Round "?"]
[White "Gaiefsky, S."]
[Black "Krzyston, Joe"]
[Result "1-0"]
[WhiteElo "1605"]
[BlackElo "1605"]
[PlyCount "53"]
[EventDate "1992.??.??"]

{4/(107)} 1. d4 Nf6 2. c4 d6 3. Nc3 d5 4. cxd5 Nc6 5. dxc6 bxc6 6. e4 e6 7. e5
Nd7 8. Nf3 Nb6 9. Bg5 Be7 10. Bxe7 Qxe7 11. Bd3 O-O 12. O-O f6 13. Ne4 Nd5 14.
exf6 Nxf6 15. Nxf6+ Qxf6 16. Ne5 Bb7 17. Nd7 Qg5 18. Nxf8 c5 19. f3 Rxf8 20.
Be4 Bxe4 21. fxe4 Rxf1+ 22. Qxf1 Qe3+ 23. Kh1 Qxd4 24. Rd1 Qf6 25. Qb5 Kf7 26.
Rf1 a6 27. Rxf6+ 1-0

[Event "Lansing (Apr)"]
[Site "?"]
[Date "1992.??.??"]
[Round "?"]
[White "Gaiefsky, S."]
[Black "Kreucher, K."]
[Result "1-0"]
[WhiteElo "1605"]
[BlackElo "1605"]
[PlyCount "49"]
[EventDate "1992.??.??"]

1. e4 d5 2. exd5 Nf6 3. Bc4 Nxd5 4. Qf3 e6 5. d4 b6 6. Ne2 Bb7 7. O-O Bd6 8.
Qg4 g6 9. Bxd5 Bxd5 10. Nbc3 h5 11. Qg5 Be7 12. Qe5 f6 13. Qg3 Rg8 14. Nxd5
exd5 15. Nf4 Bd6 16. Qh4 Nc6 17. Re1+ Be7 18. Qxf6 Kd7 19. Qe6+ Ke8 20. Qxc6+
Kf7 21. Qe6+ Kf8 22. Nxg6+ Rxg6 23. Qxg6 Bf6 24. Bh6+ Bg7 25. Qxg7# 1-0

[Event "Detroit (MOR/2/93)"]
[Site "?"]
[Date "1992.??.??"]
[Round "?"]
[White "Gaiefsky, S."]
[Black "Hayes, P."]
[Result "1/2-1/2"]
[WhiteElo "1605"]
[BlackElo "1605"]
[PlyCount "73"]
[EventDate "1992.??.??"]

{2/(93)} 1. d4 d5 2. c4 Nf6 3. Nc3 e6 4. Bg5 Nbd7 5. e4 dxe4 6. Nxe4 c6 7. Ne2
Qa5+ 8. Bd2 Qc7 9. N2g3 c5 10. Qa4 Bd6 11. O-O-O O-O 12. Re1 a6 13. Qc2 b5 14.
dxc5 Nxc5 15. Nc3 b4 16. Nce4 Nfxe4 17. Nxe4 Nxe4 18. Qxe4 Bb7 19. Qg4 a5 20.
Bh6 Be5 21. Bd3 f5 22. Qg5 Rf6 23. Bxg7 Bxb2+ 24. Kxb2 Qxg7 25. Qxg7+ Kxg7 26.
Rhg1 Be4 27. Be2 a4 28. f3 Bb7 29. Rd1 e5 30. Rd7+ Rf7 31. Rxf7+ Kxf7 32. Rd1
Ke6 33. h3 Rc8 34. g4 fxg4 35. fxg4 Ba6 36. Rc1 h6 37. a3 1/2-1/2

[Event "Detroit (Pan Am/2)"]
[Site "?"]
[Date "1992.??.??"]
[Round "?"]
[White "Gaiefsky, S."]
[Black "Golingai, P."]
[Result "1-0"]
[WhiteElo "1605"]
[BlackElo "1605"]
[PlyCount "95"]
[EventDate "1992.??.??"]

1. d4 Nf6 2. c4 g6 3. Nc3 Bg7 4. e4 d6 5. Nf3 O-O 6. h3 e5 7. d5 Nbd7 8. b4 Ne8
9. Bd3 f5 10. O-O Ndf6 11. Bg5 h6 12. Bd2 f4 13. Nh4 Kh7 14. a3 Rg8 15. Be2 Bf8
16. Nf3 g5 17. Nh2 Ng7 18. Bg4 Nxg4 19. Nxg4 h5 20. Nh2 g4 21. hxg4 Qh4 22. Be1
hxg4 23. f3 Qg5 24. fxg4 Nh5 25. Ra2 Nf6 26. Qd3 Kg7 27. Nf3 Qxg4 28. Nh4 Kf7
29. Nb5 Ne8 30. Raf2 Ke7 31. Nf5+ Bxf5 32. exf5 Bh6 33. c5 a6 34. cxd6+ cxd6
35. Nc3 Rc8 36. Rc2 Nf6 37. Rff2 b5 38. Kf1 Nh5 39. Rf3 Nf6 40. Rh3 Bf8 41. Bh4
Kf7 42. Bxf6 Kxf6 43. Ne4+ Ke7 44. Rxc8 Qxg2+ 45. Ke1 Qg1+ 46. Ke2 Rg2+ 47. Kf3
Kd7 48. Rxf8 1-0

[Event "East Lansing (MI Am/4)"]
[Site "?"]
[Date "1992.??.??"]
[Round "?"]
[White "Gaiefsky, S."]
[Black "Borhani-Azar, C."]
[Result "0-1"]
[WhiteElo "1605"]
[BlackElo "1605"]
[PlyCount "120"]
[EventDate "1992.??.??"]

1. e4 e5 2. Nf3 Nc6 3. Bc4 Nf6 4. d3 h6 5. O-O Bc5 6. c3 O-O 7. Re1 Re8 8. d4
exd4 9. cxd4 Bb4 10. Bd2 Rxe4 11. Bd3 Rxe1+ 12. Bxe1 Qe7 13. Nbd2 d5 14. Nb3
Bg4 15. Bxb4 Qxb4 16. a3 Qb6 17. Qc2 Bxf3 18. gxf3 Rc8 19. Bf5 Re8 20. Rd1 Ne7
21. Bh3 Ng6 22. Nc5 Nf4 23. Bf1 Qc6 24. Qd2 N6h5 25. Kh1 b6 26. Nd3 Qf6 27. Ne5
Ng6 28. Bg2 Nxe5 29. dxe5 Rxe5 30. Qc3 c5 31. Qb3 d4 32. Qd3 Nf4 33. Qf1 Nxg2
34. Qxg2 Qe6 35. Rg1 Rg5 36. Qf1 Rxg1+ 37. Qxg1 Qe2 38. Qg4 Qf1+ 39. Qg1 Qxg1+
40. Kxg1 f5 41. Kf1 Kf7 42. Ke2 Ke6 43. f4 Kd5 44. f3 c4 45. Kd2 g5 46. fxg5
hxg5 47. Ke2 Ke5 48. a4 a6 49. h3 b5 50. axb5 axb5 51. Kd2 Kf4 52. b4 Kxf3 53.
Ke1 Kg2 54. Ke2 f4 55. Kd2 f3 56. Kc2 f2 57. h4 f1=Q 58. hxg5 Qd3+ 59. Kc1 c3
60. g6 Qd2+ 0-1

[Event "Detroit (Pan Am/4)"]
[Site "?"]
[Date "1992.??.??"]
[Round "?"]
[White "Gaiefsky, Mike"]
[Black "Miller, Dan"]
[Result "0-1"]
[WhiteElo "1815"]
[BlackElo "1605"]
[PlyCount "116"]
[EventDate "1992.??.??"]

1. d4 d5 2. c4 e6 3. Nf3 c5 4. cxd5 Qxd5 5. Nc3 Qd8 6. e3 Nf6 7. Bd2 Nc6 8. Bb5
Bd7 9. O-O cxd4 10. exd4 Be7 11. a3 O-O 12. h3 Re8 13. Re1 h6 14. Be3 a6 15.
Bd3 Bd6 16. Qd2 Bf8 17. Rad1 Qc7 18. Bf4 Qc8 19. Ne4 Nxe4 20. Rxe4 Ne7 21. Bxh6
gxh6 22. Rg4+ Kh8 23. Ne5 f5 24. Nf7+ Kh7 25. Rh4 Ng8 26. Qg5 Re7 27. Nxh6 Bxh6
28. Rxh6+ Nxh6 29. Qxe7+ Kg6 30. g4 Qd8 31. gxf5+ exf5 32. Qd6+ Kg7 33. Re1 Nf7
34. Re7 Kf8 35. Rxf7+ Kxf7 36. Bc4+ Kg7 37. Qg3+ Kh6 38. Qd6+ Kh7 39. h4 Qe8
40. Kf1 Rd8 41. Qf4 Qe4 42. Qc7 Qh1+ 43. Ke2 Re8+ 44. Kd3 Qf3+ 45. Kc2 Qxf2+
46. Kb3 Qxd4 47. Qxb7 f4 48. Bxa6 Kh8 49. Ka2 Qd2 50. Bc4 Rf8 51. Bd5 Be8 52.
Qa8 f3 53. Bc4 f2 54. Qa6 Qf4 55. Bf1 Bf7+ 56. Kb1 Qe4+ 57. Kc1 Qe3+ 58. Kc2
Qb3+ 0-1

[Event "Detroit (MI Action/2)"]
[Site "?"]
[Date "1992.??.??"]
[Round "?"]
[White "Gabbara, Faris"]
[Black "Walker, Douglas"]
[Result "1-0"]
[WhiteElo "2205"]
[BlackElo "1875"]
[PlyCount "76"]
[EventDate "1992.??.??"]

1. c4 Nf6 2. Nc3 e6 3. e4 Nc6 4. Nf3 Bb4 5. a3 Bxc3 6. bxc3 Nxe4 7. Qc2 d5 8.
d4 h6 9. Bd3 f5 10. O-O Qe7 11. cxd5 exd5 12. Re1 O-O 13. Bf4 Qf7 14. Ne5 Nxe5
15. Bxe5 c6 16. f3 Ng5 17. Re2 Bd7 18. Rae1 Rae8 19. h4 Nh7 20. Bd6 Rxe2 21.
Rxe2 Re8 22. Re5 Rxe5 23. Bxe5 Nf8 24. Qa4 a6 25. Qb4 Bc8 26. Qd6 Qd7 27. Qb4
Ng6 28. Bg3 f4 29. Bf2 Ne7 30. c4 Nf5 31. Qd2 Qc7 32. Qe2 Qe7 33. Qa2 Ne3 34.
cxd5 cxd5 35. Qb3 Kh8 36. Qb6 Bf5 37. Bxf5 Nxf5 38. Qa5 Ne3 1-0

[Event "Detroit (MI Action/4)"]
[Site "?"]
[Date "1992.??.??"]
[Round "?"]
[White "Gabbara, Faris"]
[Black "Noren, Kevin"]
[Result "1/2-1/2"]
[WhiteElo "2205"]
[BlackElo "2295"]
[PlyCount "73"]
[EventDate "1992.??.??"]

1. d4 Nf6 2. c4 g6 3. Nc3 Bg7 4. e4 d6 5. f3 O-O 6. Be3 e5 7. Nge2 c6 8. Qd2
Nbd7 9. d5 cxd5 10. Nxd5 Nxd5 11. cxd5 f5 12. Nc3 Nf6 13. Be2 fxe4 14. fxe4 b5
15. Bf3 b4 16. Ne2 Ng4 17. O-O Nxe3 18. Qxe3 Qh4 19. a3 Ba6 20. axb4 Bh6 21.
Qf2 Qxf2+ 22. Kxf2 Bd3 23. Rfe1 Bxe4 24. Nc3 Bd3 25. Ne4 Bxe4 26. Rxe4 Rfb8 27.
Ra3 Bd2 28. Ra4 a5 29. Rxa5 Rxa5 30. bxa5 Bxa5 31. Re2 Rb3 32. Rc2 Bb6+ 33. Ke2
Bc5 34. Bg4 Kg7 35. Bd7 Kf8 36. Ba4 Rb4 37. b3 1/2-1/2

[Event "Flint (MEX/1)"]
[Site "?"]
[Date "1992.??.??"]
[Round "?"]
[White "Gabbara, Faris"]
[Black "Koster, Ed"]
[Result "1-0"]
[WhiteElo "2045"]
[BlackElo "2190"]
[PlyCount "39"]
[EventDate "1992.??.??"]

1. e4 e5 2. Nf3 Nc6 3. d4 exd4 4. Bc4 Nf6 5. e5 d5 6. Bb5 Ne4 7. Nxd4 Bc5 8.
O-O O-O 9. Nxc6 bxc6 10. Bxc6 Qh4 11. Be3 Bxe3 12. fxe3 Ba6 13. Rf4 Qh6 14.
Bxa8 Qb6 15. Qd4 c5 16. Qxd5 Qxb2 17. Rxf7 Rxf7 18. Qd8+ Rf8 19. Bd5+ Kh8 20.
Qxf8# 1-0

[Event "Lansing (Aug)"]
[Site "?"]
[Date "1992.??.??"]
[Round "?"]
[White "Gabbara, Faris"]
[Black "Ford, William"]
[Result "1-0"]
[WhiteElo "2090"]
[BlackElo "1955"]
[PlyCount "57"]
[EventDate "1992.??.??"]

1. e4 e5 2. Nf3 Nf6 3. Nxe5 d6 4. Nf3 Nxe4 5. c4 Be7 6. Nc3 Nxc3 7. dxc3 O-O 8.
Bd3 Bg4 9. Qc2 g6 10. Be3 Nd7 11. h3 Bxf3 12. gxf3 Ne5 13. Be2 c5 14. O-O-O Qa5
15. Kb1 a6 16. f4 Nc6 17. Bf3 Qc7 18. Bd5 Bf6 19. h4 Ne7 20. Be4 Rad8 21. h5
Bg7 22. f5 gxf5 23. Bxf5 Nxf5 24. Qxf5 Qe7 25. Rdg1 Kh8 26. Bg5 Qd7 27. Qd5
Rde8 28. h6 Be5 29. Qxe5+ 1-0

[Event "Flint (MEX/4)"]
[Site "?"]
[Date "1992.??.??"]
[Round "?"]
[White "Gabbara, Faris"]
[Black "Avery, Robert W"]
[Result "0-1"]
[WhiteElo "2045"]
[BlackElo "2220"]
[PlyCount "112"]
[EventDate "1992.??.??"]

1. e4 e5 2. Nf3 Nc6 3. d4 exd4 4. Bc4 Nf6 5. e5 d5 6. Bb5 Ne4 7. Nxd4 Bd7 8.
Nxc6 bxc6 9. Bd3 Qh4 10. g3 Qh3 11. Bxe4 dxe4 12. Qe2 Qg2 13. Qf1 Qxf1+ 14.
Kxf1 Bh3+ 15. Ke1 O-O-O 16. Be3 Rd5 17. Bf4 Bb4+ 18. c3 Be7 19. Nd2 g5 20. Be3
Rhd8 21. Rg1 Bf5 22. g4 Be6 23. Nc4 h6 24. Bxa7 c5 25. Na5 Kd7 26. c4 Rxe5 27.
Rd1+ Bd6 28. Nb7 Ra8 29. Bxc5 Kc6 30. Bxd6 cxd6 31. Nxd6 Rxa2 32. b3 e3 33.
fxe3 Rxe3+ 34. Kf1 Rf3+ 35. Ke1 Rff2 36. Rd3 Rxh2 37. Nf5 Kc5 38. Ne3 Kb4 39.
Nd5+ Bxd5 40. cxd5 Kc5 41. Rf1 Rhg2 42. d6 Ra1+ 43. Rd1 Rxd1+ 44. Kxd1 Rxg4 45.
Rf5+ Kxd6 46. Rf6+ Ke7 47. Rxh6 f6 48. Rh7+ Ke6 49. Rb7 Rg2 50. Ke1 Ke5 51. Kf1
Rb2 52. b4 Ke4 53. b5 Kf3 54. Kg1 f5 55. b6 g4 56. Rf7 Rb1+ 0-1